مكتبة جامعة عجلون الوطنية

فهرس بحث المكتبة

المواد الاجتماعية وتنمية التفكير (Record no. 20728)

MARC details
000 -LEADER
fixed length control field 00681nam a2200193Ii 4500
003 - CONTROL NUMBER IDENTIFIER
control field JO-AjNU
008 - FIXED-LENGTH DATA ELEMENTS--GENERAL INFORMATION
fixed length control field 230605s9999||||xx |||||||||||||| ||und||
040 ## - CATALOGING SOURCE
Original cataloging agency JO-AjNU
Language of cataloging ara
Description conventions rda
Transcribing agency JO-AjNU
041 ## - LANGUAGE CODE
Language code of text/sound track or separate title ara
050 14 - LIBRARY OF CONGRESS CALL NUMBER
Classification number HM45.L3
100 3# - MAIN ENTRY--PERSONAL NAME
Personal name اللقاني، احمد حسين,
Relator term author
9 (RLIN) 40436
245 00 - TITLE STATEMENT
Title المواد الاجتماعية وتنمية التفكير
264 31 - PRODUCTION, PUBLICATION, DISTRIBUTION, MANUFACTURE, AND COPYRIGHT NOTICE
Place of production, publication, distribution, manufacture القاهرة: عالم الكتب
300 ## - PHYSICAL DESCRIPTION
Extent 159ص
Other physical details يحتوي على ببلوغرافية من 157-159ص
336 ## - CONTENT TYPE
Content type term text
Content type code txt
Source rdacontent
337 ## - MEDIA TYPE
Media type term unmediated
Media type code n
Source rdamedia
338 ## - CARRIER TYPE
Carrier type term volume
Carrier type code nc
Source rdacarrier
650 #4 - SUBJECT ADDED ENTRY--TOPICAL TERM
Topical term or geographic name entry element علم اجتماع - تعلم وتعليم
9 (RLIN) 40437
Holdings
Withdrawn status Lost status Source of classification or shelving scheme Damaged status Not for loan Home library Current library Shelving location Date acquired Total Checkouts Full call number Barcode Date last seen Price effective from Koha item type
    Library of Congress Classification     مكتبة جامعة عجلون الوطنية مكتبة جامعة عجلون الوطنية المجموعات العامة 06/06/2023   HM45.L3 A17160 06/06/2023 06/06/2023 Books